Studies in the text of Seneca's "Naturales quaestiones" (Record no. 210088)
[ view plain ]
| 000 -LEADER | |
|---|---|
| fixed length control field | 01382nam a2200349 a 4500 |
| 082 04 - DEWEY DECIMAL CLASSIFICATION NUMBER | |
| Classification number | 500 |
| 100 1# - MAIN ENTRY--AUTHOR NAME | |
| Personal name | Hine, Harry M. |
| 245 10 - TITLE STATEMENT | |
| Title | Studies in the text of Seneca's "Naturales quaestiones" |
| 260 ## - PUBLICATION, DISTRIBUTION, ETC. (IMPRINT) | |
| Place of publication | Stuttgart : |
| Name of publisher | Teubner, |
| Year of publication | 1996. |
| 300 ## - PHYSICAL DESCRIPTION | |
| Number of Pages | 130 p. |
| 650 #0 - SUBJECT ADDED ENTRY--TOPICAL TERM | |
| Topical Term | Science, Ancient |
| Topical Term | Meteorology |
| 856 40 - ELECTRONIC LOCATION AND ACCESS | |
| Uniform Resource Identifier | http://site.ebrary.com/lib/rucke/Doc?id=10591383 |
No items available.
